Language Quiz

Random Language or Letter Quiz

4-Letter Words Ending in 'Y' Quiz Stats

Quiz Updated Feb 24, 2015

Challenge
Share
Tweet
Embed
Score 0/25 Timer 02:00
1 Play Today
% Correct
army
98.9%
clay
97.6%
foxy
97.4%
tiny
97.3%
many
97.2%
cozy
97.2%
hazy
96.6%
wavy
96.5%
fray
95.6%
waxy
95.6%
icky
95.4%
buoy
95%
rely
94.3%
% Correct
achy
93.4%
whey
93.3%
puny
93%
rosy
91.4%
spay
90.9%
duly
85.9%
arty
85.1%
quay
85.1%
wiry
82.4%
dozy
80.6%
poxy
70.7%
joky
36.3%

You're not logged in!

Compare scores with friends on all Sporcle quizzes.
Sign Up with Email
OR
Log In

You Might Also Like...

Show Comments

Extras

Top Quizzes Today


Score Distribution

Your Account Isn't Verified!

In order to create a playlist on Sporcle, you need to verify the email address you used during registration. Go to your Sporcle Settings to finish the process.